000 00425nam a2200181Ia 4500
005 20230320120902.0
008 131103s9999 xx 000 0 und d
040 _aLoreto College
041 _aEnglish
082 _a891.441
_bDUT
100 _aDutta, Sunil
245 _aRuth
_b Dance drama
_cSunnil Datta
260 _aKolkata
_c1978
300 _a645p.
650 _aBengali poetry
850 _aLCLIB
942 _cBK
999 _c20701
_d71180